Music Quiz

Random Music or Classical Quiz

100 Most Performed Operas Quiz Stats

 Plays Quiz not verified by Sporcle

Challenge
Share
Tweet
Embed
Score 0/100 Timer 15:00
0 Plays Today
Rank % Correct
11.Carmen
94.1%
7.The Magic Flute
93.5%
1.The Marriage of Figaro
92.3%
4.The Barber of Seville
89.9%
3.Don Giovanni
89.5%
5.La Bohème
88.5%
9.Madame Butterfly
87.9%
2.Tosca
86.7%
6.La Traviata
85.9%
15.Aïda
85.1%
14.Fidelio
81.2%
8.Cosi fan tutte
79.9%
10.Rigoletto
76.9%
20.Turandot
76.1%
12.Die Fledermaus
74.8%
29.Faust
73.8%
30.Otello
73%
32.Die Walkure
72.1%
31.Il trovatore
71.2%
35.I pagliacci
70.9%
24.Hansel and Gretel
69.6%
28.Eugene Onegin
68.6%
40.Das Rheingold
68.5%
16.The Flying Dutchman
68.1%
62.Siegfried
67.9%
51.Gotterdammerung
67%
75.Tristan und Isolde
66%
38.Manon
65.5%
27.Lucia di Lammermoor
65.1%
17.Salome
64.4%
22.Falstaff
64.3%
23.Der Rosenkavalier
63.9%
21.The Merry Widow
63.7%
83.Norma
63.4%
Rank % Correct
19.The Tales of Hoffmann
63%
25.L'elisir d'amore
63%
39.Lohengrin
61.4%
61.Macbeth
60.5%
33.Parsifal
60.3%
84.Peter Grimes
59.4%
44.Elektra
58.3%
54.Tannhauser
57.4%
36.Don Carlos
57.4%
43.La Cenerentola
57%
50.The Bartered Bride
57%
13.The Abduction from the Seraglio
56.6%
34.Cavalleria rusticana
56.5%
48.Die Meistersinger von Nürnberg
56.3%
70.The Pearl Fishers
55.8%
41.Nabucco
55%
60.Wozzeck
54.6%
72.Manon Lescaut
54.1%
46.Orfeo ed Euridice
53%
37.Don Pasquale
52.5%
78.West Side Story
52.3%
73.Idomeneo
50.8%
52.Boris Godunov
49.6%
26.Ariadne auf Naxos
49.4%
85.Bluebeard's Castle
48.9%
64.The Queen of Spades
48.8%
68.The Mikado
48.3%
42.Der Freischutz
48.3%
49.Orpheus in the Underworld
48%
18.Un ballo in maschera
47.5%
98.Samson et Dalila
45.4%
82.Gianni Schicchi
45%
56.Werther
44.7%
45.La clemenza di Tito
43.9%
Rank % Correct
57.La forza del destino
42.1%
92.Pélléas et Mélisande
41.2%
59.The Daughter of the Regiment
39.3%
100.La sonnambula
38.8%
77.Giulio Cesare
38.4%
71.L'incoronazione di Poppea
38.2%
93.Thaïs
37.6%
88.The Turn of the Screw
37.5%
58.Simon Boccanegra
37.4%
66.Jenufa
36.5%
67.Mefistofele
35.3%
95.Dialogues des Carmelites
34.8%
86.The Merry Wives of Windsor
34.6%
96.La Gioconda
34.2%
81.My Fair Lady
33.9%
47.Andrea Chénier
33.7%
79.Arabella
32.9%
91.Albert Herring
32.7%
53.Adriana Lecouvreur
28.4%
76.Die Frau ohne Schatten
26.7%
55.Katya Kabanova
25.9%
80.La belle Hélène
24.8%
99.Le comte Ory
23.9%
74.L'italiana in Algeria
23.5%
63.La Vie parisienne
22.1%
69.The Gypsy Princess
21.2%
87.La finta giardiniera
21.2%
94.The Land of Smiles
20.6%
65.Zar und Zimmermann
19.1%
90.A Night in Venice
18.8%
97.Il signor Bruschino
16.2%
89.La Grande Duchesse de Gerolstein
15.8%

You're not logged in!

Compare scores with friends on all Sporcle quizzes.
OR
Log In

You Might Also Like...

Show Comments

Extras

Top Quizzes Today


Score Distribution

Your Account Isn't Verified!

In order to create a playlist on Sporcle, you need to verify the email address you used during registration. Go to your Sporcle Settings to finish the process.

Report this User

Report this user for behavior that violates our Community Guidelines.

Details: